Borussia Dortmund scorers in Bundesliga 2015-2016 - Statistics

General Stats
  • This quiz has been taken 171 times
    146 since last reset
  • The average score is 7 of 13
Answer Stats
Player Goals % Correct
Marco Reus 12
96%
Pierre-Emerick Aubameyang 25
91%
Mats Hummels 2
78%
Henrikh Mkhitaryan 11
58%
Shinji Kagawa 9
57%
Ilkay Gündogan 1
55%
Sokratis 1
53%
Adrian Ramos 9
52%
Erik Durm 1
43%
Christian Pulisic 2
41%
Gonzalo Castro 3
38%
Matthias Ginter 3
32%
Jonas Hofmann 1
18%
No matching quizzes found
Score Distribution
Percent of People with Each Score
Percentile by Number Answered
Your Score History
You have not taken this quiz since the last reset